Vzájomný vplyv podnikovej kultúry a organizačnej štruktúry diplomová práca

Na minha lista:
Detalhes bibliográficos
Autor principal: Tóthová, Bianka
Autor Corporativo: Fakulta podnikového manažmentu EU. Katedra manažmentu
Outros Autores: Skorková, Zuzana, 1979-
Formato: Livro
Idioma:eslovaco
Publicado em: Bratislava 2025
Tags: Adicionar Tag
Sem tags, seja o primeiro a adicionar uma tag!

MARC

LEADER 00000nbm a2200000 4500
001 0309738
005 20251217144435.0
041 0 |a slo 
044 |a SK 
245 1 0 |a Vzájomný vplyv podnikovej kultúry a organizačnej štruktúry  |b diplomová práca  |c Bianka Tóthová ; školiteľ: Zuzana Skorková 
264 1 |a Bratislava  |c 2025 
300 |a 79 s. 
100 1 |a Tóthová, Bianka 
700 1 |a Skorková, Zuzana, 1979- 
710 2 |a Fakulta podnikového manažmentu EU. Katedra manažmentu